[Event "Women's Speed Chess Main"]
[Site "chess.com INT"]
[Date "2021.06.16"]
[Round "1.34"]
[White "Harika, Dronavalli"]
[Black "Kosteniuk, Alexandra"]
[Result "0-1"]
[WhiteTitle "GM"]
[BlackTitle "GM"]
[WhiteElo "2515"]
[BlackElo "2472"]
[WhiteFideId "5015197"]
[BlackFideId "4128125"]
[EventDate "2021.06.12"]

1. Nc3 c5 2. d3 b6 3. Nf3 Bb7 4. g3 Nf6 5. Bg2 Nc6 6. O-O g6 7. e4 d6 8. Re1 Bg7
9. h3 Nd7 10. Be3 Nde5 11. Qd2 h5 12. Nxe5 dxe5 13. h4 Qd7 14. a3 e6 15. Ne2 Nd4
16. b4 O-O 17. bxc5 bxc5 18. Nxd4 exd4 19. Bh6 e5 20. Bxg7 Kxg7 21. Rab1 Qc7 22.
f4 Bc8 23. f5 f6 24. Rf1 Rb8 25. Kh2 Rxb1 26. Rxb1 Bd7 27. Bh3 Rb8 28. Rf1 Rb2
29. Qf2 Ba4 30. fxg6 Rxc2 0-1

[Event "Women's Speed Chess Main"]
[Site "chess.com INT"]
[Date "2021.06.16"]
[Round "1.35"]
[White "Kosteniuk, Alexandra"]
[Black "Harika, Dronavalli"]
[Result "1/2-1/2"]
[WhiteTitle "GM"]
[BlackTitle "GM"]
[WhiteElo "2472"]
[BlackElo "2515"]
[WhiteFideId "4128125"]
[BlackFideId "5015197"]
[EventDate "2021.06.12"]

1. e4 Nc6 2. Nf3 d6 3. d4 Nf6 4. d5 Ne5 5. Nxe5 dxe5 6. Bd3 e6 7. dxe6 Bxe6 8.
h3 c6 9. Nc3 Bc5 10. Qe2 O-O 11. Be3 Bxe3 12. Qxe3 Qc7 13. g4 Rfd8 14. O-O b5
15. Ne2 a6 16. Rfd1 c5 17. c3 c4 18. Bc2 h6 19. Ng3 Nh7 20. f3 Rxd1+ 21. Rxd1
Rd8 22. Kf2 Nf8 23. Ke2 Rxd1 24. Kxd1 Ng6 25. Kc1 Nf4 26. h4 g6 27. h5 Kg7 28.
hxg6 fxg6 29. Qd2 Qd7 30. Qe3 a5 31. b3 cxb3 32. axb3 a4 33. Kb2 axb3 34. Bxb3
Bc4 35. Bc2 Qe7 36. Qb6 Bd3 37. Bb3 Bc4 38. Bxc4 bxc4 39. Qb5 Nd3+ 40. Kc2 Qc7
41. Qd5 Ne1+ 42. Kd1 Nxf3 43. Ke2 Ng5 44. Nf1 Nf7 45. Ne3 Qc8 46. Qxc4 Qxc4+ 47.
Nxc4 Kf6 48. Kf3 Ke6 49. Ne3 Nd6 50. Nd5 Nb5 51. Ke3 Kd6 52. Nf6 Nxc3 53. Ng8 h5
54. gxh5 gxh5 55. Nf6 h4 56. Kf3 Kc5 57. Ng4 Kd4 58. Nxe5 Kxe5 59. Kg4 Nxe4 60.
Kxh4 1/2-1/2

[Event "Women's Speed Chess Main"]
[Site "chess.com INT"]
[Date "2021.06.16"]
[Round "1.36"]
[White "Harika, Dronavalli"]
[Black "Kosteniuk, Alexandra"]
[Result "0-1"]
[WhiteTitle "GM"]
[BlackTitle "GM"]
[WhiteElo "2515"]
[BlackElo "2472"]
[WhiteFideId "5015197"]
[BlackFideId "4128125"]
[EventDate "2021.06.12"]

1. f4 d5 2. Nf3 Nf6 3. g3 g6 4. Bg2 Bg7 5. O-O O-O 6. d3 c5 7. Qe1 d4 8. c4 Nc6
9. Na3 Rb8 10. Bd2 Re8 11. Nc2 e5 12. fxe5 Nxe5 13. Nxe5 Rxe5 14. Bf4 Ng4 15. h3
Nh6 16. Bxe5 Bxe5 17. Qf2 Qc7 18. g4 Be6 19. Qh4 Kg7 20. Rf3 Rf8 21. Raf1 f5 22.
gxf5 Nxf5 23. Qe4 Bc8 24. Qd5 Rd8 25. Qe4 Re8 26. Qd5 Be6 27. Qe4 Bd7 28. Rxf5
Bxf5 29. Qd5 b6 30. Na3 Qd7 31. Qf3 Bb8 32. Nb5 a6 33. Na3 Qd6 34. Nc2 Qh2+ 35.
Kf2 Qe5 36. Ke1 Qg3+ 37. Kd1 Qxf3 38. Rxf3 Bc7 39. Rf1 Bd6 40. Ne1 a5 41. Nf3
Bg3 42. Nd2 Re7 43. Ne4 Bc7 44. Nd2 h6 45. Ne4 Bxe4 46. Bxe4 g5 47. Kc2 Bf4 48.
Kb3 Kf6 49. Ka4 Re6 50. Kb5 Ke5 51. Rf3 Rf6 52. a3 h5 53. b4 axb4 54. axb4 cxb4
55. Kxb4 g4 56. hxg4 hxg4 57. Rxf4 Kxf4 58. Kb5 Ke3 59. c5 bxc5 60. Kxc5 g3 61.
Kd5 Rf2 0-1

[Event "Women's Speed Chess Main"]
[Site "chess.com INT"]
[Date "2021.06.16"]
[Round "1.37"]
[White "Kosteniuk, Alexandra"]
[Black "Harika, Dronavalli"]
[Result "1/2-1/2"]
[WhiteTitle "GM"]
[BlackTitle "GM"]
[WhiteElo "2472"]
[BlackElo "2515"]
[WhiteFideId "4128125"]
[BlackFideId "5015197"]
[EventDate "2021.06.12"]

1. e4 Nc6 2. Nf3 d6 3. d4 Nf6 4. Bd3 g6 5. d5 Nb8 6. Nc3 Bg7 7. h3 O-O 8. Bg5 c6
9. dxc6 Nxc6 10. O-O Be6 11. Qd2 Rc8 12. Bh6 a6 13. Bxg7 Kxg7 14. Rfe1 Qa5 15.
a3 Ne5 16. Nxe5 Qxe5 17. f4 Qc5+ 18. Qf2 b5 19. Ne2 Qxf2+ 20. Kxf2 Rc5 21. Nd4
Rfc8 22. a4 Bc4 23. axb5 axb5 24. b4 R5c7 25. e5 dxe5 26. fxe5 Nd5 27. Rab1 Bxd3
28. cxd3 Nf4 29. Red1 Rd7 30. Nxb5 Rc2+ 31. Kf3 Nxd3 32. Ke3 Nxe5 33. Rxd7 Nxd7
34. g4 e5 35. Nd6 Rc6 36. Ne4 f5 37. gxf5 gxf5 38. Nd2 Rc3+ 39. Ke2 Rxh3 40. Nc4
Kf6 41. b5 Rh2+ 42. Ke3 Rh3+ 43. Kf2 f4 44. b6 Nxb6 45. Rxb6+ Kf5 46. Nd6+ Kg4
47. Ne4 Re3 48. Nf6+ Kf5 49. Nxh7 e4 50. Rf6+ Ke5 51. Rf8 Rf3+ 52. Ke2 Re3+ 53.
Kf2 Rf3+ 54. Ke2 Re3+ 55. Kf2 1/2-1/2

[Event "Women's Speed Chess Main"]
[Site "chess.com INT"]
[Date "2021.06.16"]
[Round "1.38"]
[White "Harika, Dronavalli"]
[Black "Kosteniuk, Alexandra"]
[Result "1-0"]
[WhiteTitle "GM"]
[BlackTitle "GM"]
[WhiteElo "2515"]
[BlackElo "2472"]
[WhiteFideId "5015197"]
[BlackFideId "4128125"]
[EventDate "2021.06.12"]

1. Nf3 Nf6 2. g3 b6 3. Bg2 Bb7 4. O-O e6 5. d3 Be7 6. e4 d5 7. Nbd2 dxe4 8. dxe4
O-O 9. Qe2 c5 10. e5 Nfd7 11. Ne4 Nc6 12. Bf4 Qc7 13. Rfd1 Rad8 14. Nd6 Bxd6 15.
exd6 Qc8 16. Bg5 Rde8 17. c3 h6 18. Be3 Ba6 19. Qc2 Bb7 20. Bf4 e5 21. Be3 e4
22. Nh4 Nce5 23. Nf5 Nf6 24. Ne7+ Rxe7 25. dxe7 Re8 26. Rd8 Rxd8 27. exd8=Q+
Qxd8 28. Rd1 Qc8 29. Qd2 Qf5 30. h3 Nd5 31. b3 Nf3+ 32. Bxf3 Qxf3 33. Re1 Qf5
34. c4 Nf6 35. Kh2 Bc8 36. Qd8+ Kh7 37. g4 Qe5+ 38. Kg1 Be6 39. Rd1 Qb2 40. Qd2
Qe5 41. Qd6 Qb2 42. Rd2 Qb1+ 43. Kh2 Qa1 44. Qf4 Qf1 45. Qg3 Qe1 46. Qg1 Qxg1+
47. Kxg1 Nd7 48. a3 Kg6 49. Kh2 Kf6 50. Kg3 Ke7 51. Bf4 f6 52. Bd6+ Ke8 53. b4
Bxc4 54. bxc5 bxc5 55. Rc2 Bd3 56. Rb2 c4 57. Kf4 c3 58. Ra2 c2 59. Ra1 Nb6 60.
Bc5 Kd7 61. Be3 Kc6 62. Kf5 Nd5 63. Kg6 Nc3 64. Kxg7 Nb1 65. Kxh6 Kd5 66. h4 Kc4
67. Kg7 Kb3 68. h5 Kb2 69. Bd4+ Kb3 70. Be3 Kb2 71. h6 Kxa1 72. h7 Nc3 73. h8=Q
Kb2 74. Qb8+ Nb5 75. a4 a6 76. axb5 axb5 77. Qc7 Bc4 78. Kxf6 c1=Q 79. Bxc1+
Kxc1 80. g5 Kc2 81. Qf4 Kc3 82. g6 b4 83. g7 b3 84. Qe3+ Kc2 85. Qxe4+ Bd3 86.
Qxd3+ Kxd3 87. g8=Q 1-0

[Event "Women's Speed Chess Main"]
[Site "chess.com INT"]
[Date "2021.06.16"]
[Round "1.39"]
[White "Harika, Dronavalli"]
[Black "Kosteniuk, Alexandra"]
[Result "1/2-1/2"]
[WhiteTitle "GM"]
[BlackTitle "GM"]
[WhiteElo "2515"]
[BlackElo "2472"]
[WhiteFideId "5015197"]
[BlackFideId "4128125"]
[EventDate "2021.06.12"]

1. Nc3 c5 2. g3 Nc6 3. Bg2 Nf6 4. d3 g6 5. Nf3 Bg7 6. O-O d5 7. e4 d4 8. Nb1 e5
9. a4 O-O 10. Na3 h6 11. Nc4 Qc7 12. h3 Be6 13. Kh2 Bxc4 14. dxc4 Nxe4 15. Nxd4
Nxf2 16. Rxf2 exd4 17. Bf4 Qd7 18. Bd5 Ne7 19. Bg2 Rae8 20. Qf3 b6 21. a5 b5 22.
Qb3 b4 23. Qf3 Nf5 24. a6 Re6 25. Qb7 Re7 26. Raf1 Ne3 27. Re1 Qe6 28. Qf3 Ng4+
29. hxg4 Qxe1 30. Bd6 Re3 31. Qf4 Re2 32. Rxe2 Qxe2 33. Bxf8 Bxf8 34. Qe4 Qxe4
35. Bxe4 Kg7 36. Kg2 Kf6 37. Kf3 Ke5 38. Bd5 f5 39. gxf5 gxf5 40. b3 Be7 41. Bc6
Bg5 42. Bd7 f4 43. gxf4+ Bxf4 44. Bc8 Be3 45. Bg4 Kf6 46. Bc8 Ke5 47. Bg4 Bg5
48. Bc8 Be7 49. Bg4 Kf6 50. Bc8 h5 51. Ke4 Bd8 52. Kd5 Bb6 53. Ke4 Kg5 54. Kf3
h4 55. Bd7 Kf6 56. Kg4 Ke5 57. Kxh4 d3 58. cxd3 Kd4 59. Ba4 Kxd3 60. Kg5 Kd4 61.
Kf6 Kd3 62. Ke6 Kd4 63. Kd7 Kd3 64. Kc6 Kd4 65. Kb7 Kd3 66. Kc6 Kd4 67. Kb7 Kd3
68. Kc6 1/2-1/2

[Event "Women's Speed Chess Main"]
[Site "chess.com INT"]
[Date "2021.06.16"]
[Round "1.310"]
[White "Kosteniuk, Alexandra"]
[Black "Harika, Dronavalli"]
[Result "1/2-1/2"]
[WhiteTitle "GM"]
[BlackTitle "GM"]
[WhiteElo "2472"]
[BlackElo "2515"]
[WhiteFideId "4128125"]
[BlackFideId "5015197"]
[EventDate "2021.06.12"]

1. e4 e6 2. d4 b6 3. Bd3 Bb7 4. Nd2 Nf6 5. Qe2 d5 6. e5 Nfd7 7. f4 c5 8. c3 g6
9. Ngf3 Qc8 10. h4 h5 11. Ng5 Ba6 12. Ndf3 Bxd3 13. Qxd3 Qa6 14. Ke2 Qxd3+ 15.
Kxd3 Nc6 16. a3 Be7 17. b4 c4+ 18. Kc2 Kf8 19. Bd2 Kg7 20. a4 Nf8 21. Bc1 Bxg5
22. fxg5 Ne7 23. b5 Nf5 24. a5 Nd7 25. Bf4 Rhb8 26. Rhb1 Rb7 27. axb6 Rxb6 28.
Ra5 Rb7 29. Rba1 Nb6 30. g3 Nc8 31. Nd2 Nce7 32. Nb1 Nc8 33. Na3 Rab8 34. Kd2
Kg8 35. Ra6 Kg7 36. Rb1 Kg8 37. Ra5 Kg7 38. Nc2 Kg8 39. Na3 Kg7 40. Ke2 Kg8 41.
Kf3 Kg7 42. Rb4 Kg8 43. Rba4 Kg7 44. Rb4 Kg8 45. Rb1 Kg7 46. Rh1 Nce7 47. g4
hxg4+ 48. Kxg4 Rh8 49. Ra6 Nc8 50. Rc6 Nb6 51. Bd2 Na4 52. Ra6 Nb2 53. Ra5 Nd3
54. Nc2 Rhb8 55. Rb1 Nf2+ 56. Kf3 Ne4 57. Be1 Rh8 58. Kg4 Rhb8 59. Rb2 Rh8 60.
Rba2 Rhb8 61. Rb2 Ra8 62. Rb4 Rab8 63. Rb2 1/2-1/2

[Event "Women's Speed Chess Main"]
[Site "chess.com INT"]
[Date "2021.06.16"]
[Round "1.311"]
[White "Harika, Dronavalli"]
[Black "Kosteniuk, Alexandra"]
[Result "1-0"]
[WhiteTitle "GM"]
[BlackTitle "GM"]
[WhiteElo "2515"]
[BlackElo "2472"]
[WhiteFideId "5015197"]
[BlackFideId "4128125"]
[EventDate "2021.06.12"]

1. b3 Nf6 2. Bb2 d5 3. e3 c5 4. Nf3 Nc6 5. Bb5 Bd7 6. O-O e6 7. d4 Bd6 8. dxc5
Bxc5 9. a3 O-O 10. b4 Bb6 11. Nbd2 a6 12. Bd3 Bc7 13. Qe2 h6 14. h3 b5 15. e4
Bc8 16. Rad1 Bb7 17. e5 Nd7 18. Nb3 Rc8 19. Rde1 Qe7 20. Kh1 Rfd8 21. Rd1 Bb6
22. Qd2 Nf8 23. Qf4 Ng6 24. Qg4 Nf8 25. Rde1 Rd7 26. Bc1 Kh8 27. Qh5 Nh7 28. Qg4
Rcd8 29. Nh2 Qf8 30. Qe2 Ne7 31. Ng4 Ng6 32. Nh2 d4 33. Be4 Bxe4 34. Qxe4 d3 35.
cxd3 Rxd3 36. Na5 R3d4 37. Qe2 Bxa5 38. bxa5 R4d5 39. Nf3 Qc5 40. Qe4 Qc4 41. h4
Qxe4 42. Rxe4 Ne7 43. Kh2 Nc6 44. Be3 Nxa5 45. Bb6 Nc4 46. Bxd8 Rxd8 47. Rc1
Nxa3 48. Rc7 Kg8 49. Rf4 f6 50. Rg4 g5 51. hxg5 fxg5 52. Ra7 Nc4 53. Rxa6 Kf7
54. Rd4 Rxd4 55. Nxd4 Nxe5 56. Ra7+ Kg6 57. Nxe6 Nf6 58. Nd4 Neg4+ 59. Kg1 Ne5
60. Rb7 h5 61. Nxb5 Nd3 62. Nd6 Nf4 63. Rb6 Kg7 64. Nf5+ Kf7 65. Ne3 Ne6 66. Rb5
h4 67. Kh2 1-0

[Event "Women's Speed Chess Main"]
[Site "chess.com INT"]
[Date "2021.06.16"]
[Round "1.312"]
[White "Kosteniuk, Alexandra"]
[Black "Harika, Dronavalli"]
[Result "0-1"]
[WhiteTitle "GM"]
[BlackTitle "GM"]
[WhiteElo "2472"]
[BlackElo "2515"]
[WhiteFideId "4128125"]
[BlackFideId "5015197"]
[EventDate "2021.06.12"]

1. e4 b6 2. d4 Bb7 3. d5 g6 4. Be3 Bg7 5. Bd4 Nf6 6. Nc3 O-O 7. Nf3 c5 8. Be3 d6
9. h4 h5 10. Be2 a6 11. Ng5 Bc8 12. f3 b5 13. a4 b4 14. Nb1 a5 15. Nd2 Nbd7 16.
Nc4 Nb6 17. Nxb6 Qxb6 18. g4 Ba6 19. Rg1 Bxe2 20. Qxe2 Qa6 21. Qd2 Rac8 22. Qe2
Qxe2+ 23. Kxe2 Rb8 24. b3 Rfc8 25. Rac1 c4 26. Bd4 hxg4 27. fxg4 Nd7 28. Bxg7
Kxg7 29. Nf3 Rc7 30. Nd4 Ne5 31. h5 Rbc8 32. hxg6 Kxg6 33. Nb5 Rc5 34. Nd4 cxb3
35. Nxb3 Rc3 36. Nxa5 Rxc2+ 37. Rxc2 Rxc2+ 38. Ke3 Ra2 39. Nc6 Ra3+ 40. Ke2 Ra2+
41. Ke3 Ra3+ 42. Kf2 Ra2+ 43. Kg3 Ra3+ 44. Kh4 Nf3+ 45. Kg3 Nxg1+ 0-1

[Event "Women's Speed Chess Main"]
[Site "chess.com INT"]
[Date "2021.06.17"]
[Round "1.11"]
[White "Cori T., Deysi"]
[Black "Stefanova, Antoaneta"]
[Result "0-1"]
[WhiteTitle "WGM"]
[BlackTitle "GM"]
[WhiteElo "2388"]
[BlackElo "2470"]
[WhiteFideId "3801934"]
[BlackFideId "2902257"]
[EventDate "2021.06.12"]

1. d4 d5 2. c4 c6 3. Nc3 Nf6 4. e3 e6 5. Nf3 a6 6. Qc2 c5 7. cxd5 exd5 8. Be2
Nc6 9. O-O Be6 10. dxc5 Bxc5 11. Na4 Bd6 12. Nc5 Qe7 13. Nxe6 fxe6 14. b3 O-O
15. Bb2 Rac8 16. Rac1 e5 17. Qb1 Ba3 18. Rfd1 Bxb2 19. Qxb2 e4 20. Nd4 Ne5 21.
h3 h6 22. a3 Nfd7 23. b4 Nb6 24. Nb3 Qf6 25. Qd2 Qxf2+ 26. Kh1 Rxc1 27. Rxc1 Qg3
28. Qd4 Rf6 29. Rg1 Kh7 30. Nc5 Qf2 31. Bd1 Nec4 0-1

[Event "Women's Speed Chess Main"]
[Site "chess.com INT"]
[Date "2021.06.17"]
[Round "1.12"]
[White "Stefanova, Antoaneta"]
[Black "Cori T., Deysi"]
[Result "1-0"]
[WhiteTitle "GM"]
[BlackTitle "WGM"]
[WhiteElo "2470"]
[BlackElo "2388"]
[WhiteFideId "2902257"]
[BlackFideId "3801934"]
[EventDate "2021.06.12"]

1. e4 d5 2. exd5 Qxd5 3. Nc3 Qd6 4. d4 Nf6 5. Nf3 a6 6. g3 Bg4 7. Bg2 Nc6 8. h3
Bh5 9. g4 Bg6 10. Be3 O-O-O 11. Qe2 Ne4 12. Nh4 Nxc3 13. bxc3 e5 14. Nxg6 hxg6
15. d5 Nb8 16. O-O f5 17. Rab1 Nd7 18. Rb3 f4 19. Ba7 f3 20. Bxf3 Rxh3 21. Bg2
Rh4 22. Rfb1 Nf6 23. Rxb7 Nxg4 24. Qe4 1-0

[Event "Women's Speed Chess Main"]
[Site "chess.com INT"]
[Date "2021.06.17"]
[Round "1.13"]
[White "Cori T., Deysi"]
[Black "Stefanova, Antoaneta"]
[Result "1/2-1/2"]
[WhiteTitle "WGM"]
[BlackTitle "GM"]
[WhiteElo "2388"]
[BlackElo "2470"]
[WhiteFideId "3801934"]
[BlackFideId "2902257"]
[EventDate "2021.06.12"]

1. d4 d5 2. Nf3 Nf6 3. b3 g6 4. Bb2 Bg7 5. g3 O-O 6. Bg2 a5 7. a3 c6 8. O-O Bf5
9. Ne5 Qc8 10. Re1 Bh3 11. Bh1 Nbd7 12. Nd2 Nxe5 13. dxe5 Ng4 14. e4 d4 15. Nc4
Qc7 16. Qxd4 b5 17. Qb6 Rfc8 18. Qxc7 Rxc7 19. Ne3 Nxe5 20. Rab1 Rd7 21. f4 Ng4
22. e5 Rc8 23. Bc3 Ra7 24. Bf3 Nxe3 25. Rxe3 h5 26. Rd1 Bf8 27. Red3 Bf5 28. Rd8
Rxd8 29. Rxd8 c5 30. a4 bxa4 31. bxa4 Bxc2 32. Bc6 Bf5 33. Bb5 Be6 34. Kf2 Kg7
35. Ke3 Kg8 36. Rb8 Kg7 37. Rd8 Kg8 38. Rb8 Kg7 39. Rd8 1/2-1/2

[Event "Women's Speed Chess Main"]
[Site "chess.com INT"]
[Date "2021.06.17"]
[Round "1.14"]
[White "Stefanova, Antoaneta"]
[Black "Cori T., Deysi"]
[Result "1/2-1/2"]
[WhiteTitle "GM"]
[BlackTitle "WGM"]
[WhiteElo "2470"]
[BlackElo "2388"]
[WhiteFideId "2902257"]
[BlackFideId "3801934"]
[EventDate "2021.06.12"]

1. e4 c5 2. Nf3 e6 3. b3 b6 4. Bb2 Bb7 5. Nc3 Nc6 6. d4 cxd4 7. Nxd4 a6 8. Be2
Nf6 9. O-O Qc7 10. Nxc6 Bxc6 11. Bf3 Bd6 12. g3 Be5 13. Qd3 O-O 14. Rab1 Rfd8
15. Bg2 Bb7 16. Nd1 Bxb2 17. Rxb2 d5 18. exd5 Bxd5 19. Qe2 Bxg2 20. Kxg2 b5 21.
c4 bxc4 22. bxc4 Rd4 23. Ne3 Rad8 24. Rd1 e5 25. Kg1 h5 26. Rc1 h4 27. Nf5 Re4
28. Qf3 h3 29. Ne3 Red4 30. Rbb1 Qc5 31. Qf5 Rd2 32. Qxh3 Ne4 33. Qf5 Nxf2 34.
Re1 Nd3 35. Kh1 Nxe1 36. Rxe1 Rxa2 37. Nd5 Qxc4 38. Ne7+ Kf8 39. Ng6+ Kg8 40.
Ne7+ Kf8 41. Ng6+ Kg8 42. Ne7+ 1/2-1/2

[Event "Women's Speed Chess Main"]
[Site "chess.com INT"]
[Date "2021.06.17"]
[Round "1.15"]
[White "Cori T., Deysi"]
[Black "Stefanova, Antoaneta"]
[Result "0-1"]
[WhiteTitle "WGM"]
[BlackTitle "GM"]
[WhiteElo "2388"]
[BlackElo "2470"]
[WhiteFideId "3801934"]
[BlackFideId "2902257"]
[EventDate "2021.06.12"]

1. d4 d5 2. Nf3 Nf6 3. c4 c6 4. e3 Bf5 5. Bd3 Bxd3 6. Qxd3 e6 7. O-O Nbd7 8. Nc3
Bb4 9. Nd2 Qa5 10. f3 O-O 11. e4 e5 12. cxd5 exd4 13. Nb3 Qb6 14. Qxd4 cxd5 15.
Nxd5 Nxd5 16. exd5 Qxd4+ 17. Nxd4 Nb6 18. Nf5 Nxd5 19. Rd1 Rfd8 20. Bd2 Bc5+ 21.
Kf1 g6 22. Ng3 f5 23. Rac1 Be3 24. Ne2 Bxd2 25. Rxd2 Ne3+ 26. Ke1 Nxg2+ 27. Kd1
Rxd2+ 28. Kxd2 Rd8+ 29. Kc2 Nh4 30. Rf1 g5 31. f4 g4 32. Ng3 Kf7 33. Re1 Nf3 34.
Re3 Rd5 35. Rc3 Nd4+ 36. Kd3 Nb5+ 37. Kc4 Nxc3 38. bxc3 Rd2 39. Nxf5 0-1

[Event "Women's Speed Chess Main"]
[Site "chess.com INT"]
[Date "2021.06.17"]
[Round "1.16"]
[White "Stefanova, Antoaneta"]
[Black "Cori T., Deysi"]
[Result "1-0"]
[WhiteTitle "GM"]
[BlackTitle "WGM"]
[WhiteElo "2470"]
[BlackElo "2388"]
[WhiteFideId "2902257"]
[BlackFideId "3801934"]
[EventDate "2021.06.12"]

1. e4 d5 2. exd5 Qxd5 3. Nc3 Qd6 4. d4 a6 5. Nf3 Nf6 6. g3 Bg4 7. h3 Bh5 8. g4
Bg6 9. Ne5 Nc6 10. Nxg6 hxg6 11. Bg2 O-O-O 12. g5 Nh5 13. d5 Qe5+ 14. Be3 e6 15.
Qg4 Bb4 16. dxc6 Bxc3+ 17. bxc3 Qxc3+ 18. Ke2 Qxc2+ 19. Kf1 b5 20. a4 Qc4+ 21.
Qxc4 bxc4 22. Ke2 f5 23. Rhc1 f4 24. Ba7 1-0

[Event "Women's Speed Chess Main"]
[Site "chess.com INT"]
[Date "2021.06.17"]
[Round "1.17"]
[White "Cori T., Deysi"]
[Black "Stefanova, Antoaneta"]
[Result "0-1"]
[WhiteTitle "WGM"]
[BlackTitle "GM"]
[WhiteElo "2388"]
[BlackElo "2470"]
[WhiteFideId "3801934"]
[BlackFideId "2902257"]
[EventDate "2021.06.12"]

1. Nf3 d5 2. g3 g6 3. Bg2 Bg7 4. d4 Nh6 5. O-O O-O 6. c4 c6 7. cxd5 cxd5 8. Ne5
Nc6 9. Nc3 Nxe5 10. dxe5 d4 11. Nd5 Nf5 12. g4 Be6 13. Nf4 Nh4 14. Nxe6 fxe6 15.
Qb3 Qd7 16. Qxb7 Qxb7 17. Bxb7 Rab8 18. Ba6 Bxe5 19. Bc4 Rb6 20. f4 Bg7 21. Rb1
Rc8 22. Bd3 e5 23. f5 gxf5 24. gxf5 Bf6 25. Kh1 Kh8 26. Bd2 Rg8 27. b4 Rbb8 28.
b5 Rg4 29. Rg1 Rxg1+ 30. Rxg1 e4 31. Bxe4 Rxb5 32. Bd3 Rc5 33. Bb4 Re5 34. Bc4
h5 35. Rg8+ Kh7 36. Ra8 Nxf5 37. Rxa7 Ne3 38. Bd3+ Kh6 39. Rd7 Nd5 40. Bd2+ Bg5
41. Be1 Nf4 42. Bg3 Nxd3 43. Bxe5 Nxe5 44. Rxd4 Ng4 45. a4 Be3 46. Re4 Nf2+ 47.
Kg2 Nxe4 48. Kf3 Bg1 49. Kxe4 Bxh2 50. a5 Bb8 51. a6 h4 0-1

[Event "Women's Speed Chess Main"]
[Site "chess.com INT"]
[Date "2021.06.17"]
[Round "1.18"]
[White "Stefanova, Antoaneta"]
[Black "Cori T., Deysi"]
[Result "0-1"]
[WhiteTitle "GM"]
[BlackTitle "WGM"]
[WhiteElo "2470"]
[BlackElo "2388"]
[WhiteFideId "2902257"]
[BlackFideId "3801934"]
[EventDate "2021.06.12"]

1. e4 d5 2. exd5 Qxd5 3. Nc3 Qd6 4. d4 a6 5. Nf3 Nf6 6. g3 Bg4 7. h3 Bh5 8. g4
Bg6 9. Ne5 Nc6 10. Nxg6 hxg6 11. Bg2 e5 12. dxe5 Qxe5+ 13. Qe2 Qxe2+ 14. Nxe2
Nb4 15. O-O O-O-O 16. c3 Nd3 17. Bg5 Bc5 18. b4 Bb6 19. a3 Rhe8 20. Ng3 Re5 21.
Bxf6 gxf6 22. Ra2 Nf4 23. c4 Bd4 24. c5 b6 25. cxb6 Bxb6 26. Kh2 Rd3 27. a4 a5
28. bxa5 Rxa5 29. Bc6 Re5 30. a5 Rxa5 31. Rxa5 Bxa5 32. Ra1 Rc3 33. Be8 Bb6 34.
Ra2 g5 35. Bxf7 Rf3 36. Ne4 Rxh3+ 37. Kg1 Rf3 38. Bc4 Ng6 39. Bd5 Rf4 40. Bc6
Kd8 41. Re2 Ne5 42. Bb5 Rxg4+ 43. Kf1 Ke7 44. Nd2 Rb4 45. Ba6 Ra4 46. Bb7 Ra1+
47. Re1 Ra2 48. Ne4 f5 49. Nxg5 Rxf2+ 50. Kg1 Kf6 51. Nh3 Rf3+ 52. Kg2 Rb3 53.
Bd5 Rb2+ 54. Kg3 Rd2 55. Bb7 Rd3+ 56. Kg2 Ng4 57. Rf1 Rd2+ 58. Kg3 Bd4 59. Rf4
Be5 60. Kh4 Bxf4 61. Nxf4 Rd4 62. Kg3 Ne5 63. Ne2 Rb4 64. Bc8 Kg5 65. Kf2 f4 66.
Ke1 f3 67. Ng3 Kf4 68. Nh5+ Ke3 0-1

[Event "Women's Speed Chess Main"]
[Site "chess.com INT"]
[Date "2021.06.17"]
[Round "1.21"]
[White "Cori T., Deysi"]
[Black "Stefanova, Antoaneta"]
[Result "1-0"]
[WhiteTitle "WGM"]
[BlackTitle "GM"]
[WhiteElo "2388"]
[BlackElo "2470"]
[WhiteFideId "3801934"]
[BlackFideId "2902257"]
[EventDate "2021.06.12"]

1. d4 d5 2. Nf3 Nf6 3. g3 c6 4. Bg2 Bf5 5. O-O h6 6. c4 e6 7. Nc3 Nbd7 8. a3 Be7
9. Nd2 O-O 10. e4 dxe4 11. Ndxe4 Nxe4 12. Nxe4 Nf6 13. Nc3 Qd7 14. h3 Rfd8 15.
Be3 Rac8 16. Qe2 b6 17. Rfd1 Qe8 18. b4 Bg6 19. g4 a6 20. f4 b5 21. Rac1 Nd7 22.
Qf1 Nb6 23. c5 Nc4 24. Qf3 Nxa3 25. f5 Bh7 26. Ne4 exf5 27. gxf5 Nc4 28. Bf2 f6
29. Nc3 Qd7 30. d5 Qxf5 31. d6 Qxf3 32. Bxf3 Bf8 33. Ne2 a5 34. bxa5 Nxa5 35.
Nd4 Bxd6 36. cxd6 Rxd6 37. Nxb5 Rxd1+ 38. Bxd1 Bf5 39. Nd6 Bxh3 40. Nxc8 Bxc8
41. Bb6 Nb7 42. Rxc6 Bf5 43. Rc7 Be4 44. Bb3+ Kh7 45. Bd4 Kg6 46. Bf7+ Kf5 47.
Be8 g5 48. Rf7 Kg4 49. Rxf6 h5 50. Bd7+ Kh4 51. Bf2# 1-0

[Event "Women's Speed Chess Main"]
[Site "chess.com INT"]
[Date "2021.06.17"]
[Round "1.22"]
[White "Stefanova, Antoaneta"]
[Black "Cori T., Deysi"]
[Result "1-0"]
[WhiteTitle "GM"]
[BlackTitle "WGM"]
[WhiteElo "2470"]
[BlackElo "2388"]
[WhiteFideId "2902257"]
[BlackFideId "3801934"]
[EventDate "2021.06.12"]

1. e4 d5 2. exd5 Qxd5 3. Nc3 Qd6 4. d4 a6 5. Nf3 Nf6 6. g3 Bg4 7. h3 Bh5 8. Bf4
Qe6+ 9. Be3 Nd5 10. Nxd5 Qxd5 11. Bg2 Nc6 12. g4 Bg6 13. Nh4 Qd6 14. Nxg6 hxg6
15. c3 O-O-O 16. Qf3 f6 17. O-O-O e6 18. Kb1 Be7 19. Rhe1 Rhe8 20. Bf4 Qd7 21.
Qe4 Bf8 22. Qxg6 Na5 23. Qc2 Qb5 24. b3 Bd6 25. Bd2 Qb6 26. Bf1 e5 27. d5 c5 28.
c4 Kb8 29. Bc3 Bc7 30. Qd2 g6 31. Ka1 f5 32. gxf5 gxf5 33. f3 e4 34. fxe4 fxe4
35. Qc2 e3 36. Rd3 Qh6 37. Qe2 b5 38. cxb5 c4 39. bxc4 Nxc4 40. Rd4 Nd6 41. bxa6
Ka8 42. Qc2 Rf8 43. Qa4 Nf5 44. Rd3 Bb6 45. d6 Rxd6 46. a7 Rfd8 47. Bg2+ 1-0

[Event "Women's Speed Chess Main"]
[Site "chess.com INT"]
[Date "2021.06.17"]
[Round "1.23"]
[White "Cori T., Deysi"]
[Black "Stefanova, Antoaneta"]
[Result "0-1"]
[WhiteTitle "WGM"]
[BlackTitle "GM"]
[WhiteElo "2388"]
[BlackElo "2470"]
[WhiteFideId "3801934"]
[BlackFideId "2902257"]
[EventDate "2021.06.12"]

1. Nf3 d5 2. d4 g6 3. g3 Bg7 4. Bg2 Nh6 5. O-O O-O 6. c4 dxc4 7. Na3 Nf5 8. e3
Nd6 9. Qe2 c6 10. Ne5 Be6 11. Naxc4 Nd7 12. Rd1 Nxc4 13. Nxc4 Nb6 14. Na5 Rb8
15. e4 Qd7 16. Bf4 Rbd8 17. Be3 Bg4 18. f3 Bh3 19. Bh1 f5 20. d5 cxd5 21. exd5
Nxd5 22. Bxa7 f4 23. g4 h5 24. Nc4 b5 25. Bd4 bxc4 26. Bxg7 Kxg7 27. Qe5+ Kh6
28. Rd4 e6 29. Re1 Qa7 30. Re4 Ne7 31. Qxe6 Rxd4 32. g5+ Kh7 0-1